000 00662aab a2200277a 44500
008 020702s2001 cat
041 _acat
080 _a637.524(038)
245 _aLes Illes a la taula: la sobrassada i altres embotits
260 _c2001
300 _ap. 109-116
_bil.
520 _a9
546 _acatalà
591 _a7567
592 _aObra terminològica
593 _aKRG
594 _a7567
650 _aembotits
_965929
773 _g(<2001>)
773 _tDiari de Balears
901 _c(<2001>)
902 _a020702
942 _cAS
_n0
999 _c61349
_d61349